Využívanie flexibilných foriem organizácie práce na Slovensku diplomová práca
Salvato in:
| Autore principale: | |
|---|---|
| Ente Autore: | |
| Altri autori: | |
| Natura: | Libro |
| Lingua: | slovacco |
| Pubblicazione: |
Košice
2024
|
| Tags: |
Nessun Tag, puoi essere il primo ad aggiungerne!!
|
MARC
| LEADER | 00000nbm a2200000 4500 | ||
|---|---|---|---|
| 001 | 0304003 | ||
| 005 | 20250911125638.0 | ||
| 041 | 0 | |a slo | |
| 044 | |a SK | ||
| 245 | 1 | 0 | |a Využívanie flexibilných foriem organizácie práce na Slovensku |b diplomová práca |c Radka Bortáková ; školiteľ: Barbora Gontkovičová |
| 264 | 1 | |a Košice |c 2024 | |
| 300 | |a 61 s. | ||
| 100 | 1 | |a Bortáková, Radka | |
| 700 | 1 | |a Gontkovičová, Barbora, 1986- | |
| 710 | 2 | |a Podnikovohospodárska fakulta EU so sídlom v Košiciach. Katedra ekonómie a manažmentu | |